00578 2200205 4500001002100000005001700021008004100038020002200079035002400101082001100125090002100136100003000157245004300187250001000230260003300240300003600273650003100309990001600340990001600356YOGYA-0612000000045120120605233412.0 ind  a978-602-8545-41-9 0010-061200000000449 a819.23 aYOG 819.23 Dha B aDHANU PRIYO PRABOWO,1961- aBandung BondowosocDhanu Priyo Prabowo aCet.1 aYogyakartabGava Mediac2010 avii,36 hlmbilusc21 cm (2 eks) aKesusastraan Jawa - Cerita a033-PD/B.12 a034-PD/B.12